Soccer players who have won it all - Statistics

General Stats
  • This quiz has been taken 93 times
  • The average score is 6 of 9
Answer Stats
World Cup European Cup/
Champions League
Ballon d'Or Player Country and Club % Correct
2022 2006, 2009, 2011, 2015 2009, 2010, 2011, 2012, 2015, 2019, 2021 Lionel Messi Argentina and FC Barcelona
100%
2002 2006 2005 Ronaldinho Brazil and FC Barcelona
76%
1998 2002 1998 Zinedine Zidane France and Real Madrid
76%
2002 2007 2007 Kaka Brazil and AC Milan
74%
2002 2003 1999 Rivaldo Brazil and AC Milan
61%
1974 1974, 1975, 1976 1970 Gerd Muller Germany and Bayern Munich
60%
1966 1968 1966 Sir Bobby Charlton England and Manchester United
55%
1974 1974, 1975, 1976 1972 Franz Beckenbauer Germany and Bayern Munich
54%
1982 1985 1982 Paolo Rossi Italy and Juventus
38%
No matching quizzes found
Score Distribution
Percent of People with Each Score
Percentile by Number Answered
Your Score History
You have not taken this quiz